| 000 | 00772cam a2200229 a 4500 | ||
|---|---|---|---|
| 001 | 000010243 | ||
| 005 | 20200929162217.0 | ||
| 008 | 911206s1990 ve a 001 p spa | ||
| 020 | _a9800300988 | ||
| 040 |
_aDO-SdBNP _bspa _cLC _dBNPHU |
||
| 082 |
_aV861.44 _bR173t |
||
| 100 | 1 |
_aRamírez Murzi, Marco, _d1926-1997 _925252 |
|
| 245 | 1 | 0 |
_aTodo poesía / _cMarco Ramírez Murzi. |
| 260 |
_a[Caracas] : _bPresidencia de la República, _c1990. |
||
| 300 |
_avi, 346 p. : _bil. ; _c22 cm. |
||
| 490 | 1 |
_aBiblioteca de Autores y Temas Tachirenses, _v98 |
|
| 650 | 4 |
_aPoesía venezolana _94230 |
|
| 650 | 4 |
_aLiteratura venezolana _ySIGLO XX _99777 |
|
| 830 | 0 |
_aBiblioteca de Autores y Temas Tachirenses, _v98 _94143 |
|
| 910 | _aCatalogación por copia / LC | ||
| 049 | _aBNGR | ||
| 999 |
_c10002 _d10002 |
||